000 00816nam a2200265Ia 4500
003 OSt
005 20220928125418.0
006 a|||||r|||| 00| 0
007 ta
008 220927b |||||||| |||| 00| 0 eng d
020 _c3450
024 _a103022
037 _b73, 03/12/2009, Aviva Books Company
_cTextual
040 _aSDCL
_cSDCL
_beng
041 _2eng
_aeng
082 _aX90aV, P7
100 _aJones Geoffrey Ed.
_9469490
245 0 _aOxford handbook of business history.
260 _aOxford
_bOxford University Press
_c2007
300 _axvii,717p
_ccm.
650 _aBuisness Economics
700 _a Zeitlin Jonathan Ed.
_9469491
942 _hX90aV, P7
_cTEXL
_2CC
999 _c782160
_d782160